000 00926nam a2200253 i 4500
001 000035994
003 DO-SdBNP
005 20240814104038.0
007 ta
008 111122s1995 dr ac 000 0 spa d
040 _aDO-SdBNP
_bspa
_cBNPHU
_erda
082 4 _222
111 2 _aExposición, Seminario Casa de Bastidas
_d(1995, mar. 26-29 :
_cSanto Domingo)
_962024
245 1 0 _aMujer y arte dominicano hoy :
_bhomenaje a Celeste Woss y Gil ; presentación, Danilo de los Santos.
264 _aSanto Domingo :
_bE. Leon Jimenes,
_c1995.
300 _a146 páginas :
_bilustraciones, retratos;
_c23 cm.
336 _2rdacontent
_atexto
_btxt
337 _2rdamedia
_asin mediación
_bn
338 _2rdacarrier
_avolumen
_bnc
500 _aIncluye referencias bibliográficas y notas al pie de las páginas.
590 _aInventariado, 2024/BT
700 1 _aSantos, Danilo de los,
_910278
_epresentación
942 _2ddc
_cLBS1
999 _c35485
_d35485